000 00346nam a22001457a 4500
008 230320b ||||| |||| 00| 0 eng d
020 _a9721457194319
041 _aeng
080 _2FIFTH EDITION
_a611
082 _a611LYN
100 _a11
101 _aANATO
245 _aPHOTO ATLAS OF MEDICATION ADMINISTRATION
_cLYNN P
942 _2udc
_cBK
999 _c59395
_d59395